| 000 | 00613nam a2200169 a 4500 | ||
|---|---|---|---|
| 008 | 120416s0000 ||||||||||||||||| || u | ||
| 020 | _a0574206868 | ||
| 050 | _aHF 5438.25 Dav | ||
| 100 | _aDavis, Rodney | ||
| 245 | 1 | 0 | _aInstructor's guide [to accompany] personal selling |
| 246 | _aa professional approach | ||
| 260 |
_aChicago _bScience Research Associates _c1984 |
||
| 300 | _aiii, 199p. : ill | ||
| 350 | _a0.00 | ||
| 700 | _aUnderwood, Robert | ||
| 995 |
_D0.00 _FCBU-MAIN LIBRARY (Kitwe) _H1 _I15.95 _UAVAILABLE _ZMain Library Open Access Collection |
||
| 999 |
_c47089 _d47089 |
||